Words that Contain "ulla" - Statistics

General Stats
  • This quiz has been taken 36 times
  • The average score is 2 of 8
Answer Stats
Answer % Correct
Bulla
55%
Mullah
42%
Lullaby
32%
Medulla
32%
Hullabaloo
26%
Dullard
23%
Ampulla
3%
Nullah
3%
No matching quizzes found
Score Distribution
Percent of People with Each Score
Percentile by Number Answered
Your Score History
You have not taken this quiz